Laufey’s Whole Discography - Statistics

General Stats
  • This quiz has been taken 64 times
    20 since last reset
  • The average score is 60 of 80
Answer Stats
Number Answer % Correct
17. How I Get
100%
14. Bewitched
92%
15. Bored
92%
7. (ft. Philharmonia Orchestra) California and Me
92%
4. Castle in Hollywood
92%
8. (Interlude) Cuckoo Ballet
92%
1. Dreamer
92%
10. Falling Behind
92%
9. Forget-Me-Not
92%
18. Goddess
92%
18. I Wait, I Wait, I Wait
92%
8. Just Like Chet
92%
2. Lover Girl
92%
16. Madwoman
92%
9. Promise
92%
2. Santa Baby
92%
15. (Bonus Track) Seems Like Old Times
92%
6. Silver Lining
92%
3. Snow White
92%
10 Tough Luck
92%
11. A Cautionary Tale
83%
2. Beautiful Stranger
83%
7. Best Friend
83%
5. Carousel
83%
1. Clockwork
83%
9. Everything I Know About Love
83%
1. Fragile
83%
10. From The Start
83%
3. Haunted
83%
11. Hi
83%
5. James
83%
6. Lovesick
83%
11. Misty
83%
12. Mr. Eclectic
83%
13. Night Light
83%
8. (Interlude) Nocturne
83%
16. Questions For the Universe
83%
14. Sabotage
83%
2. Second Best
83%
12. Serendipity
83%
1. Street by Street
83%
7. Too Little, Too Late
83%
3. Winter Wonderland
83%
4. Above the Chinese Restaurant
75%
5. Christmas Dreaming
75%
4. Christmas Magic
75%
13. Clean Air
75%
19. I’ll Forget About You (In Time)
75%
17. It Could Happen To You
75%
7. I’ve Never Been In Love Before
75%
13. Letter To My 13 Year Old Self
75%
2. Magnolia
75%
6. Someone New
75%
16. Trouble
75%
3. Valentine
75%
5. While You Were Sleeping
75%
2023, beabadoobee A Night to Remember
67%
12. Dance With You Tonight
67%
4. I Wish You Love
67%
2021, Philharmonia Orchestra Let You Break My Heart Again
67%
7. (ft. Dodie) Love to Keep Me Warm
67%
15. Lucky for Me
67%
4. Must Be Love
67%
14. Slow Down
67%
5. Dear Soulmate
58%
3. Like the Movies
58%
6. The Christmas Waltz
58%
6. What Love Will Do to You
58%
1. Santa Claus Is Comin’ To Town
50%
2024 Where or When
50%
2022, Alexander 23 Ain’t Christmas
42%
2023, d4vd This Is How It Feels
42%
2023, Norah Jones Better Than Snow
33%
6. Ég Veit Þú Kemur
33%
14. Every Time We Say Goodbye
33%
2023, Norah Jones Have Yourself A Merry Little Christmas
33%
2021, Adam Melchor Love Flew Away
33%
2023, Stephen Sanchez No One Knows
33%
2025, ROLE MODEL The Longest Goodbye
33%
10. The Nearness of You
33%
No matching quizzes found
Score Distribution
Percent of People with Each Score
Percentile by Number Answered
Your Score History
You have not taken this quiz since the last reset